الرئيس جمال عبدالناصر

محفوظ في:

التنسيق: كتاب

اللغة: Undetermined

الوسوم: إضافة وسم

لا توجد وسوم, كن أول من يضع وسما على هذه التسجيلة!

رقم الطلب:

LEADER 00212nam a2200085Ia 4500
008 240503s9999||||xx |||||||||||||| ||und||
245 1 0 |a الرئيس جمال عبدالناصر 
300 |a 78  |c 20 
942 |2 lcc  |c BK 
999 |c 58338  |d 58338